000
00312nam a22001457a 4500
008
231124b ||||| |||| 00| 0 eng d
020
_a
0674921828
041
_a
eng
080
_a
159.9
082
_a
159.9LIE
100
_a
25
101
_a
PSI
245
_a
UNIQUELY HUMAN
_c
LIEBERMAN .PH
942
_2
udc
_c
BK
999
_c
60525
_d
60525